Pantera Albums - Statistics

General Stats
  • This quiz has been taken 281 times
  • The average score is 6 of 9
Answer Stats
Year Released Answer % Correct
1992 Vulgar Display of Power
96%
1990 Cowboys from Hell
95%
1994 Far Beyond Driven
83%
1996 The Great Southern Trendkill
81%
2000 Reinventing the Steel
77%
1988 Power Metal
66%
1983 Metal Magic
50%
1985 I Am the Night
36%
1984 Projects in the Jungle
34%
No matching quizzes found
Score Distribution
Percent of People with Each Score
Percentile by Number Answered
Your Score History
You have not taken this quiz